| 000 | 00987nam a2200229 a 4500 | ||
|---|---|---|---|
| 001 | 000015085 | ||
| 005 | 20240409120336.0 | ||
| 008 | 100201s2003 dr ac 001 0dspa d | ||
| 020 | _a9993493236 | ||
| 040 |
_aDO-SdBNP _bspa _cBNPHU |
||
| 082 |
_a972.93054 _bU15j |
||
| 100 | 1 |
_aUbiñas Renville, Guaroa, _d1944- _96462 |
|
| 245 | 1 | 3 |
_aUn joven en la guerra de abril : _btestimonio / _cGuaroa Ubiñas Renville ; prólogo Franklin Franco Pichardo. |
| 260 |
_aSanto Domingo : _bManatí, _c2003. |
||
| 300 |
_a177 p. : _bil., retrs. ; _c21 cm. |
||
| 500 | _aIncluye datos biográficos del autor en la contracubierta. | ||
| 590 | _aInventariado, 2019/MFF | ||
| 651 | 4 |
_aRepública Dominicana _xHistoria _yREVOLUCIÓN, 1965 _xCorrespondencias, Memorias, Etc. _934159 |
|
| 651 | 0 |
_aREPÚBLICA DOMINICANA _xHISTORIA _yOCUPACIÓN NORTEAMERICANA, 1985-1966 _xCORRESPONDENCIA, MEMORIAS, ETC _916871 |
|
| 700 | 1 | 2 |
_aFranco, Franklin J., _d1936- _epról. _934417 |
| 910 | _aValidado. Control de calidad EMS | ||
| 999 |
_c14657 _d14657 |
||